[Event "AUTO-MASTER-3261"]
[Site "http://www.queenalice.com/game.php?id=1855823"]
[Date "2025.4.20"]
[Round "1"]
[White "Meckerkopp"]
[Black "maurice916"]
[Result "1-0"]
[WhiteElo "2050"]
[BlackElo "1808"]

1. e4 c6 2. d4 d5 3. e5 Bf5 4. Bd3 Bxd3 5. Qxd3 e6 6. a3 Qb6 7. b4 a5 8. bxa5
Qxa5+ 9. Bd2 Qc7 10. Ne2 c5 11. c3 c4 12. Qg3 Ne7 13. O-O Nf5 14. Qh3 Qb6 15. g4
Nh6 16. Bxh6 gxh6 17. Nd2 Qb2 18. Rfd1 Qc2 19. Qe3 Qg6 20. f3 h5 21. g5 Nc6 22.
h4 Be7 23. Nf4 Qf5 24. Nf1 O-O 25. a4 Na5 26. Ra2 Kh8 27. Ng3 Nb3 28. Nxf5 exf5
29. Nxh5 b5 30. a5 Rg8 31. a6 h6 32. f4 hxg5 33. hxg5 Rg6 34. Qh3 Kg8 35. Nf6+
Bxf6 36. exf6 b4 37. Rh2 Rxa6 38. Qh8# 1-0

[Event "AUTO-MASTER-3261"]
[Site "http://www.queenalice.com/game.php?id=1855824"]
[Date "2025.4.20"]
[Round "1"]
[White "maurice916"]
[Black "Meckerkopp"]
[Result "0-1"]
[WhiteElo "1969"]
[BlackElo "2077"]

1. Nf3 d5 2. b3 Nf6 3. Bb2 Nc6 4. e3 a6 5. c4 Bg4 6. Be2 Bxf3 7. Bxf3 e6 8. cxd5
exd5 9. O-O Be7 10. Nc3 O-O 11. d4 Bb4 12. a3 Bxc3 13. Bxc3 a5 14. Qc2 Ne7 15.
Rac1 c6 16. b4 a4 17. Bb2 b5 18. Qd3 Qd6 19. Rfd1 Rac8 20. Re1 Qe6 21. Re2 Ne4
22. Bxe4 dxe4 23. Qc3 Nd5 24. f3 Nxc3 25. Bxc3 exf3 26. gxf3 f5 27. Rce1 Qh6 28.
f4 Rcd8 29. Rg2 Rf7 30. Ree2 Re8 31. Rg5 Qe6 32. d5 cxd5 33. Bd4 g6 34. Reg2 Qc6
35. Bc5 d4 36. Bxd4 Qc1+ 37. Kf2 Qxa3 38. Bc5 Re6 39. R2g3 Qa2+ 40. Kf3 Qd5+ 41.
Kf2 a3 42. h4 Qd2+ 43. Kg1 a2 44. Bd4 a1=Q+ 45. Bxa1 Qe1+ 46. Kg2 Qxa1 47. h5
Qa2+ 48. Kh3 Qb1 49. hxg6 Qh1# 0-1

[Event "AUTO-MASTER-3261"]
[Site "http://www.queenalice.com/game.php?id=1855825"]
[Date "2025.4.20"]
[Round "1"]
[White "Meckerkopp"]
[Black "JailtonMaster"]
[Result "0-1"]
[WhiteElo "2068"]
[BlackElo "2012"]

1. e4 c5 2. Nf3 d6 3. h3 Nc6 4. Bb5 Bd7 5. Bxc6 Bxc6 6. d3 Nf6 7. b3 e6 8. Bb2
Be7 9. O-O O-O 10. a4 d5 11. e5 Nd7 12. d4 c4 13. Bc3 f6 14. b4 a6 15. Bd2 fxe5
16. Nxe5 Nxe5 17. dxe5 Qc7 18. Bc3 Rad8 19. Qd4 Rf5 20. f4 a5 21. bxa5 Bxa4 22.
Rxa4 Bc5 23. g4 Bxd4+ 24. Bxd4 Rf7 25. Nc3 Rdf8 26. Ne2 Qc6 27. Rb4 g5 28. f5
exf5 29. Rb6 Qa4 30. e6 Rc7 31. e7 Rxe7 32. Nc3 Qxc2 33. Nxd5 Re2 34. Bf2 Rxf2
35. Ne7+ Kf7 36. Rxf2 Qd1+ 37. Kh2 Kxe7 38. Rxb7+ Kd6 39. a6 c3 0-1

[Event "AUTO-MASTER-3261"]
[Site "http://www.queenalice.com/game.php?id=1855826"]
[Date "2025.4.20"]
[Round "1"]
[White "JailtonMaster"]
[Black "Meckerkopp"]
[Result "0-1"]
[WhiteElo "2079"]
[BlackElo "2051"]

1. e4 e5 2. Nf3 Nc6 3. Bb5 Qf6 4. O-O a6 5. Ba4 Bc5 6. c3 b5 7. Bb3 Nge7 8. d3
h6 9. Re1 d6 10. h3 Ng6 11. Be3 Bxe3 12. Rxe3 Nf4 13. d4 exd4 14. cxd4 Ne7 15.
e5 dxe5 16. dxe5 Qg6 17. Ne1 Nxh3+ 18. Kf1 Nf4 19. Rf3 Bg4 20. Rxf4 Bxd1 0-1

[Event "AUTO-MASTER-3261"]
[Site "http://www.queenalice.com/game.php?id=1859207"]
[Date "2025.6.29"]
[Round "2"]
[White "Meckerkopp"]
[Black "JailtonMaster"]
[Result "1-0"]
[WhiteElo "2048"]
[BlackElo "2027"]

1. e4 c5 2. Nf3 d6 3. h3 Nf6 4. Nc3 e5 5. Bc4 Nc6 6. a3 a6 7. d3 b5 8. Bd5 Nxd5
9. Nxd5 Be6 10. O-O Bxd5 11. exd5 Ne7 12. c4 Qb6 13. b3 g6 14. Bg5 Qb7 15. Bf6
Rg8 16. Bxe7 Bxe7 17. Re1 f5 18. Rb1 Kd7 19. b4 cxb4 20. Rxb4 Bd8 21. Rb3 Bb6
22. Rb1 Qa7 23. Re2 e4 24. dxe4 fxe4 25. Ng5 e3 26. f3 h6 27. Ne4 Raf8 28. cxb5
a5 29. a4 Rc8 30. Nf6+ Ke7 31. Nxg8+ Rxg8 32. Rc1 Bc5 33. Qd3 Kf7 34. Rc4 Re8
35. Rf4+ Kg7 36. Rg4 Qf7 37. Qc3+ Kh7 38. Qxa5 Re7 39. Qc3 Qxd5 40. Qc2 Re6 41.
Rf4 Re7 42. Kh2 Qe5 43. g3 h5 44. Re4 Qf6 45. Rxe7+ Qxe7 46. Qe4 Qa7 47. f4 Qf7
48. a5 d5 49. Qc2 Qe7 50. f5 gxf5 51. Qxf5+ 1-0

[Event "AUTO-MASTER-3261"]
[Site "http://www.queenalice.com/game.php?id=1859208"]
[Date "2025.6.29"]
[Round "2"]
[White "JailtonMaster"]
[Black "Meckerkopp"]
[Result "1-0"]
[WhiteElo "2034"]
[BlackElo "2078"]

1. e4 d5 2. exd5 Qxd5 3. Nf3 Bg4 4. Be2 b5 5. O-O c6 6. h3 Bf5 7. Nc3 Qc5 8. d4
Qb6 9. Be3 Qb7 10. a3 Nf6 11. Ne5 e6 12. f3 h6 13. Bd3 Bd6 14. Bxf5 exf5 15. Qe1
Nbd7 16. Nxd7 Qxd7 17. Bxh6+ Ne4 18. Nxe4 Rxh6 19. Nf6+ 1-0

[Event "AUTO-MASTER-3261"]
[Site "http://www.queenalice.com/game.php?id=1859209"]
[Date "2025.6.29"]
[Round "2"]
[White "Meckerkopp"]
[Black "CCapivara"]
[Result "1-0"]
[WhiteElo "2063"]
[BlackElo "2338"]

1. e4 d6 2. d4 Nf6 3. Nc3 c6 4. h3 Nbd7 5. Nf3 e5 6. Bc4 Be7 7. d5 c5 8. Bb5 O-O
9. Bxd7 Bxd7 10. a4 a6 11. O-O b5 12. axb5 axb5 13. Bg5 b4 14. Bxf6 Bxf6 15. Ne2
Bb5 16. Re1 Bxe2 17. Qxe2 Qb6 18. Nd2 h6 19. Nc4 Qc7 20. b3 Be7 21. Ne3 g6 22.
Qg4 Kh7 23. Qf3 Qd7 24. Rxa8 Rxa8 25. Qxf7+ Kh8 26. Qxg6 Bf8 27. Nc4 Ra2 28. Rc1
Qc7 29. f3 Qe7 30. g3 Qd7 31. Kg2 Qe7 32. Qf5 Kg7 33. h4 Qa7 34. h5 Ra1 35. Rxa1
Qxa1 36. Qg6+ Kh8 37. Nxd6 Bxd6 38. Qxd6 Kg7 39. Qxc5 Qd1 40. Qf2 Kf6 41. Qb6+
Ke7 42. Qxb4+ Kf7 43. c4 Qe2+ 44. Kh3 Qxf3 45. Qb7+ Kg8 46. Qc8+ Kg7 47. Qg4+
1-0

[Event "AUTO-MASTER-3261"]
[Site "http://www.queenalice.com/game.php?id=1859210"]
[Date "2025.6.29"]
[Round "2"]
[White "CCapivara"]
[Black "Meckerkopp"]
[Result "1-0"]
[WhiteElo "2332"]
[BlackElo "2053"]

1. e4 e5 2. Nf3 d6 3. Bc4 h6 4. O-O Bg4 5. d3 Nf6 6. c3 c6 7. Be3 b5 8. Bb3 a5
9. Nbd2 a4 10. Bc2 Nbd7 11. d4 exd4 12. cxd4 d5 13. e5 Bxf3 14. Qxf3 Ng8 15. e6
Ndf6 16. exf7+ Kxf7 17. Rfe1 Be7 18. a3 Ra7 19. Qg3 g5 20. f4 g4 21. f5 Bd6 22.
Bf4 Nh5 23. Qxg4 Nxf4 24. g3 Nf6 25. Qh4 N4h5 26. Nf3 Rg8 27. Ne5+ Bxe5 28. dxe5
Rg4 29. Qh3 Nxg3 30. hxg3 Qg8 31. Kh2 Ne4 32. Bxe4 dxe4 33. Qh5+ Ke7 34. Qxh6
Kd8 35. Rad1+ Kc8 36. Qxc6+ Kb8 37. Qd6+ 1-0

[Event "AUTO-MASTER-3261"]
[Site "http://www.queenalice.com/game.php?id=1859211"]
[Date "2025.6.29"]
[Round "2"]
[White "Meckerkopp"]
[Black "tariann"]
[Result "0-1"]
[WhiteElo "2060"]
[BlackElo "2281"]

1. e4 e5 2. Nf3 Nc6 3. Bb5 Nf6 4. Bxc6 dxc6 5. d3 Bd6 6. Bg5 O-O 7. O-O Re8 8.
h3 h6 9. Bxf6 Qxf6 10. a3 Be6 11. c4 Rad8 12. b4 Bf8 13. Qe2 Qf4 14. Rd1 Rd7 15.
Qb2 Bxc4 16. Qc3 Ba6 17. Ne1 Red8 18. Ra2 Qf6 19. Re2 Qd6 20. Re3 c5 21. Rf3 Qd4
22. Qxd4 Rxd4 23. Rd2 cxb4 24. Nc2 Rxd3 25. Rfxd3 Rxd3 26. axb4 Rxd2 27. Nxd2
Bd3 28. Ne1 Bxb4 29. Nxd3 Bxd2 30. Nxe5 a5 0-1

[Event "AUTO-OPEN-4534"]
[Site "http://www.queenalice.com/game.php?id=1859280"]
[Date "2025.7.2"]
[Round "3"]
[White "arvo1938"]
[Black "Meckerkopp"]
[Result "0-1"]
[WhiteElo "2310"]
[BlackElo "2090"]

1. d4 d5 2. c4 Bf5 3. Qb3 dxc4 4. Qxc4 Bxb1 5. Rxb1 e6 6. e3 Nf6 7. Nf3 c6 8. a4
Ne4 9. Bd3 Qa5+ 10. Bd2 Nxd2 11. Nxd2 Bb4 12. Qc2 Bxd2+ 13. Qxd2 Qxd2+ 14. Kxd2
O-O 15. b4 Nd7 16. Rhc1 Nf6 17. b5 cxb5 18. Rxb5 b6 19. a5 bxa5 20. Rxa5 Rfe8
21. Rc7 a6 22. Rxa6 Rxa6 23. Bxa6 Ne4+ 24. Ke2 Rd8 25. f3 Nd6 26. e4 Ne8 27. Ke3
Nxc7 28. Bd3 Ra8 29. h4 h5 30. g4 g6 31. Kf4 f6 32. gxh5 gxh5 33. e5 Nd5+ 34.
Kg3 fxe5 35. dxe5 Kg7 36. Be4 Ra3 0-1

[Event "AUTO-OPEN-4534"]
[Site "http://www.queenalice.com/game.php?id=1859281"]
[Date "2025.7.2"]
[Round "3"]
[White "Meckerkopp"]
[Black "arvo1938"]
[Result "0-1"]
[WhiteElo "2111"]
[BlackElo "2291"]

1. e4 c5 2. Nf3 Nc6 3. e5 Qc7 4. e6 dxe6 5. Bb5 Nf6 6. h3 Bd7 7. O-O g6 8. b3
Bg7 9. Bb2 O-O 10. Bxf6 Bxf6 11. c3 a6 12. Bxc6 Bxc6 13. a4 Rad8 14. Ra2 Rd3 15.
Ne1 Rd7 16. Qe2 Qf4 17. d3 Be5 18. g3 Qf6 19. Rc2 Qg7 20. f4 Bc7 21. Qe3 b6 22.
Nd2 e5 23. f5 f6 24. Ne4 gxf5 25. Rxf5 Bxe4 26. Qxe4 Qf7 27. Rff2 Rfd8 28. Rb2
Qg6 29. Qxg6+ hxg6 30. c4 Kg7 31. h4 Rd4 32. Rg2 e4 33. Rbe2 exd3 34. Nxd3 Rxd3
35. Rxe7+ Kf8 36. Rxc7 Rxb3 37. Rc6 Kf7 38. Rf2 f5 39. Kh2 Rdd3 40. Rc7+ Kf6 41.
h5 Rxg3 42. Rc6+ Kg7 43. Rxg6+ Rxg6 44. hxg6 Kxg6 0-1

[Event "AUTO-MASTER-3279"]
[Site "http://www.queenalice.com/game.php?id=1862507"]
[Date "2025.9.3"]
[Round "1"]
[White "oldprofessor"]
[Black "Meckerkopp"]
[Result "1-0"]
[WhiteElo "2035"]
[BlackElo "2124"]

1. d4 d5 2. c4 Bf5 3. cxd5 Qxd5 4. Nc3 Qd7 5. e4 Bg6 6. Nf3 c6 7. Ne5 Qc7 8. g3
e6 9. Bf4 Bd6 10. Qb3 Ne7 11. Nxg6 Nxg6 12. Bxd6 Qxd6 13. Qxb7 O-O 14. Qxa8 Qc7
15. Rc1 Nd7 16. Nd5 exd5 17. Qxc6 Qa5+ 18. Qc3 Qxa2 19. Qa3 Qxa3 20. bxa3 dxe4
21. Bh3 Nf6 22. O-O Ra8 23. Rfe1 Nf8 24. Rc8 Rxc8 25. Bxc8 Ne6 26. Bxe6 fxe6 27.
Rb1 h6 28. Rb7 a5 29. Ra7 Nd5 30. Rxa5 1-0

[Event "AUTO-MASTER-3279"]
[Site "http://www.queenalice.com/game.php?id=1862508"]
[Date "2025.9.3"]
[Round "1"]
[White "Meckerkopp"]
[Black "oldprofessor"]
[Result "1-0"]
[WhiteElo "2125"]
[BlackElo "1998"]

1. e4 c6 2. d4 d5 3. e5 c5 4. b3 cxd4 5. Bb5+ Bd7 6. Bxd7+ Qxd7 7. Qxd4 Nc6 8.
Qb2 e6 9. a3 Nge7 10. Ne2 Ng6 11. Bf4 Nxf4 12. Nxf4 g6 13. Nd3 Bg7 14. Nd2 O-O
15. Nf3 Rac8 16. O-O f6 17. exf6 Bxf6 18. Nfe5 Nxe5 19. Nxe5 Qg7 20. f4 Qc7 21.
Rac1 Qc3 22. Qxc3 Rxc3 23. Nf3 Rfc8 24. Ne1 Rxb3 25. cxb3 Rxc1 26. Nf3 Rc3 27.
Rb1 Rc2 28. Kf1 Rb2 29. Rxb2 Bxb2 30. a4 h6 31. Ne1 Kf7 32. Ke2 Kf6 33. Nf3 e5
34. fxe5+ Bxe5 35. g3 g5 36. Ne1 Bc3 37. Nd3 Kf5 38. h3 b6 39. Kf3 Ke6 40. Kg4
Kf6 41. Kh5 Kg7 42. Nf2 Be1 43. Ng4 Bxg3 44. Nxh6 Kf6 45. Ng4+ Kf5 46. Ne3+ Ke4
47. Nf1 1-0

[Event "AUTO-MASTER-3279"]
[Site "http://www.queenalice.com/game.php?id=1862531"]
[Date "2025.9.3"]
[Round "1"]
[White "Meckerkopp"]
[Black "IranSilva"]
[Result "1-0"]
[WhiteElo "2109"]
[BlackElo "2267"]

1. e4 e5 2. Nf3 Nc6 3. a3 Bc5 4. b4 Bd6 5. Bc4 Nf6 6. d3 O-O 7. Bg5 h6 8. Bxf6
Qxf6 9. O-O Re8 10. Nc3 Ne7 11. g3 c6 12. Re1 Bc7 13. Nh4 d5 14. exd5 cxd5 15.
Bxd5 Bb6 16. Ne4 Bxf2+ 17. Kg2 Qb6 18. Bxf7+ Kxf7 19. Qf3+ Kg8 20. Qxf2 Qxf2+
21. Nxf2 g5 22. Nf3 Ng6 23. Ne4 Kg7 24. Nc3 Bg4 25. Nd2 Rac8 26. Nc4 Be6 27. Nd6
Red8 28. Nxc8 Rxc8 29. Ne4 Rxc2+ 30. Nf2 Bf5 31. Re3 h5 32. Rd1 g4 33. d4 e4 34.
Kg1 h4 35. Nxe4 h3 36. Nf2 Bd7 37. d5 Kf7 38. d6 Kf6 39. Rf1 Kg7 40. Rfe1 Bc6
41. d7 Rd2 42. Rd1 Rxd1+ 43. Nxd1 Bxd7 44. Nc3 Bc6 45. Ne2 Kf6 46. Nd4 Bd5 47.
Re2 Ne5 48. Rf2+ Nf3+ 49. Nxf3 Bxf3 50. Kf1 Ke5 51. Rd2 a6 52. Kf2 Bg2 53. Ke3
Bf3 54. Rc2 b6 55. Rc8 Kd6 56. Kd4 Kd7 57. Rb8 Kc7 58. Re8 Kd7 59. Re5 Kd6 60.
a4 Bd1 61. a5 bxa5 62. Rxa5 Be2 63. Rg5 Kc6 64. Ke3 Bd1 65. Kd4 Be2 66. Re5 Bd1
67. Kc4 Ba4 68. Re4 Bd1 69. Re6+ Kb7 70. Kc5 Ba4 71. Re7+ Kc8 72. Kb6 Bb5 73.
Re4 1-0

[Event "AUTO-MASTER-3279"]
[Site "http://www.queenalice.com/game.php?id=1862532"]
[Date "2025.9.3"]
[Round "1"]
[White "IranSilva"]
[Black "Meckerkopp"]
[Result "0-1"]
[WhiteElo "2227"]
[BlackElo "2108"]

1. Nf3 d5 2. d4 Bf5 3. Bf4 Nf6 4. e3 a6 5. c4 Bxb1 6. Qxb1 e6 7. Bd3 Bb4+ 8. Kf1
Nbd7 9. c5 c6 10. a3 Ba5 11. b4 Bc7 12. Ne5 h6 13. a4 Bxe5 14. dxe5 Nh5 15. h4
g5 16. hxg5 hxg5 17. Bh2 g4 18. Kg1 Qg5 19. Bf4 Qg7 20. Qb2 Nxf4 21. Rxh8+ Qxh8
22. exf4 O-O-O 23. Qd4 Qh4 24. g3 Qh6 25. Bf1 Rh8 26. Bg2 f6 27. b5 cxb5 28.
axb5 fxe5 29. fxe5 axb5 30. Qxg4 Kc7 31. Qb4 Kc6 32. Ra5 Qc1+ 33. Bf1 Rh1+ 34.
Kxh1 Qxf1+ 35. Kh2 Qxf2+ 36. Kh3 Qf1+ 37. Kh2 Nxe5 38. Qf4 Nf3+ 0-1

[Event "AUTO-MASTER-3286"]
[Site "http://www.queenalice.com/game.php?id=1864658"]
[Date "2025.10.24"]
[Round "1"]
[White "rmvwoods"]
[Black "Meckerkopp"]
[Result "1-0"]
[WhiteElo "2059"]
[BlackElo "2126"]

1. e4 e5 2. Nf3 Nc6 3. Bc4 h6 4. O-O Nf6 5. Re1 Bc5 6. c3 Ng4 7. d4 Bb6 8. h3
Nxf2 9. Kxf2 Qf6 10. Be3 exd4 11. cxd4 d6 12. e5 dxe5 13. dxe5 Bxe3+ 14. Rxe3
Qf4 15. Nd2 Qf5 16. g4 Qd7 17. e6 fxe6 18. Bxe6 Qd6 19. Bxc8+ Ne7 20. Bxb7 Rb8
21. Qa4+ 1-0

[Event "AUTO-MASTER-3286"]
[Site "http://www.queenalice.com/game.php?id=1864659"]
[Date "2025.10.24"]
[Round "1"]
[White "Meckerkopp"]
[Black "rmvwoods"]
[Result "1/2-1/2"]
[WhiteElo "2126"]
[BlackElo "2101"]

1. e4 d6 2. d4 Nf6 3. Nc3 g6 4. h3 Bg7 5. Nf3 c6 6. e5 dxe5 7. Nxe5 O-O 8. Nf3
Nbd7 9. Bc4 b5 10. Bb3 a5 11. a4 b4 12. Ne2 Bb7 13. Nh4 c5 14. O-O Ne4 15. f3
Nd6 16. dxc5 Nxc5 17. c3 bxc3 18. bxc3 Bf6 19. Bh6 Bxh4 20. Bxf8 Qxf8 21. Bd5
Bxd5 22. Qxd5 Ncb7 23. Ra2 Bf6 24. c4 e6 25. Qd3 Nc5 26. Qc2 Ndb7 27. Rd1 Rd8
28. Kh1 Rxd1+ 29. Qxd1 Kg7 30. Nc1 Be7 31. Nb3 Qc8 32. Nxc5 Nxc5 33. Qc2 e5 34.
Qc3 Qc7 35. f4 Bf6 36. fxe5 Bxe5 37. Qf3 f5 38. Qd1 h6 39. Rd2 Kf6 40. Rd8 Qc6
41. Rf8+ Kg7 42. Qd8 Bf6 43. Rg8+ Kf7 44. Qf8+ Ke6 45. Rxg6 Ne4 46. Qg8+ Ke5 47.
Qd5+ Qxd5 48. cxd5 h5 49. Kg1 Kxd5 50. Rg8 Kc4 51. Rb8 h4 52. Rb5 Nc3 53. Rxa5
Kb4 54. Rxf5 Bd8 55. a5 Bxa5 56. Rf4+ Kc5 57. Rxh4 Nd5 58. Kf2 Kd6 59. Kf3 Bc7
60. g4 Bd8 61. Rh5 Nf6 62. Rh6 Ke7 63. h4 Ba5 64. g5 Ng8 65. Ra6 Bd2 66. Kg4 Kf7
67. h5 Kg7 68. Ra7+ Kh8 69. h6 Nxh6+ 70. gxh6 Bxh6 71. Kh5 Be3 72. Rd7 Kg8 73.
Kg6 Kf8 74. Kf6 Kg8 75. Kg6 Kf8 76. Kh7 1/2-1/2

[Event "AUTO-MASTER-3286"]
[Site "http://www.queenalice.com/game.php?id=1864676"]
[Date "2025.10.24"]
[Round "1"]
[White "Meckerkopp"]
[Black "atbn"]
[Result "1-0"]
[WhiteElo "2113"]
[BlackElo "1940"]

1. e4 c5 2. Nf3 d6 3. Nc3 g6 4. h3 Bg7 5. Bb5+ Bd7 6. Bxd7+ Nxd7 7. Ne2 Ngf6 8.
d3 b5 9. c3 O-O 10. O-O a5 11. Qc2 1-0

[Event "AUTO-MASTER-3286"]
[Site "http://www.queenalice.com/game.php?id=1864677"]
[Date "2025.10.24"]
[Round "1"]
[White "atbn"]
[Black "Meckerkopp"]
[Result "0-1"]
[WhiteElo "1931"]
[BlackElo "2120"]

1. e4 e5 2. Nf3 Nc6 3. Bc4 h6 4. d3 Nf6 5. a3 Bc5 6. Nc3 a6 7. Be3 Bxe3 8. fxe3
d6 9. O-O Bg4 10. Nd5 b5 0-1

[Event "AUTO-MASTER-3286"]
[Site "http://www.queenalice.com/game.php?id=1864678"]
[Date "2025.10.24"]
[Round "1"]
[White "Meckerkopp"]
[Black "Capixabba789"]
[Result "1-0"]
[WhiteElo "2107"]
[BlackElo "1918"]

1. e4 e5 2. Nf3 d6 3. h3 Nc6 4. Bb5 Bd7 5. Bxc6 Bxc6 6. d3 Be7 7. c4 Nf6 8. O-O
O-O 9. Nc3 a6 10. a4 Bd7 11. Bg5 c5 12. Bxf6 Bxf6 13. Nd5 Re8 14. Qb3 Bc6 15.
Nb6 Rb8 16. a5 Be7 17. Qd1 Rf8 18. Nh2 f5 19. exf5 Rxf5 20. Qc2 Qf8 21. Ng4 Rg5
22. Ne3 Qf3 23. Nbd5 Bf6 24. Ng4 Rxg4 25. hxg4 Qxg4 26. Nxf6+ gxf6 27. f3 Qg6
28. Ra3 f5 29. Qf2 Rf8 30. Qh4 Kh8 31. Kf2 f4 32. Raa1 Bd7 33. Ke2 Qxg2+ 34. Rf2
Qg6 35. b3 Bf5 36. Rd1 Qg7 37. Qh2 e4 38. dxe4 Bg6 39. Rxd6 Qb2+ 40. Kf1 Qb1+
41. Kg2 Kg7 42. Rb6 Rf7 43. Qg1 Qd3 44. Qa1+ Kg8 45. Qe5 Qd4 46. Qxd4 cxd4 47.
Rd6 1-0

[Event "AUTO-MASTER-3286"]
[Site "http://www.queenalice.com/game.php?id=1864679"]
[Date "2025.10.24"]
[Round "1"]
[White "Capixabba789"]
[Black "Meckerkopp"]
[Result "1/2-1/2"]
[WhiteElo "1955"]
[BlackElo "2112"]

1. d4 d5 2. Nc3 e6 3. f4 Bb4 4. Nf3 Bxc3+ 5. bxc3 Qd6 6. e3 Nf6 7. Bd3 h6 8. O-O
O-O 9. a4 Re8 10. Ne5 c5 11. Ba3 b6 12. a5 Qc7 13. axb6 axb6 14. Qf3 c4 15. Be2
Qb7 16. Rfb1 Ne4 17. Bb4 Nd2 18. Qg3 Nxb1 19. Rxb1 Nc6 20. Bh5 Nxe5 21. fxe5 Ra7
22. Rf1 g6 23. Bf3 Kh7 24. Kh1 Rg8 25. Bg4 Qd7 26. Qf4 h5 27. Be2 Qd8 28. Rb1 g5
29. Qf1 g4 30. Ra1 Rxa1 31. Qxa1 Qg5 32. Qa7 Qxe3 33. Qxf7+ Rg7 34. Qxh5+ Kg8
35. Qe8+ Kh7 36. Qh5+ Kg8 1/2-1/2